Los sistemas de beneficiado del café costarricense: 1830-1914 /
Se presenta un punto de vista distinto a la tradicional perspectiva de la supremacía del beneficio húmedo sobre otros métodos de procesar el café. Dicho análisis es sustentado en una base de datos cualitativos levantada de distintos periódicos, censos, protocolos, experiencias judiciales, actas muni...
Gorde:
| Egile nagusia: | |
|---|---|
| Formatua: | Texto |
| Gaiak: | |
| Etiketak: |
Etiketa erantsi
Etiketarik gabe, Izan zaitez lehena erregistro honi etiketa jartzen!
|
MARC
| LEADER | 00000 a a2200000 04500 | ||
|---|---|---|---|
| 001 | 40750 | ||
| 003 | |||
| 040 | |||
| 100 | |a Naranjo Gutiérrez, Carlos | ||
| 245 | |a Los sistemas de beneficiado del café costarricense: |b 1830-1914 / |c Carlos Naranjo Gutiérrez | ||
| 500 | |a carlosnaranj@gmail.com | ||
| 520 | 4 | |a Se presenta un punto de vista distinto a la tradicional perspectiva de la supremacía del beneficio húmedo sobre otros métodos de procesar el café. Dicho análisis es sustentado en una base de datos cualitativos levantada de distintos periódicos, censos, protocolos, experiencias judiciales, actas municipales, libros, entre otros. Además, se hace un repaso histórico de la introducción tecnológica extranjera y la innovación criolla por elaborar un grano de calidad de exportación. Finalmente, se mencionan algunos problemas técnicos de la caficultura costarricense. | |
| 590 | |a KSR/NOVIEMBRE2012 | ||
| 650 | |a .CAFE | ||
| 650 | |a 2.BENEFICIO | ||
| 650 | |a 3.ANALISIS HISTORICO | ||
| 650 | |a 4.COSTA RICA | ||
| 773 | |g número55 ( , 2007), páginas 39-71 : tablas, gráficos | ||
| 999 | |c 31650 |d 31650 | ||
